Results of wars involving Turkey - Statistics

General Stats
  • This quiz has been taken 42 times
  • The average score is 13 of 19
Answer Stats
Wars Name Year Result % Correct
War of Independence 1919-1923 Victory
100%
Sheikh Said Rebelion 1925 Victory
94%
Ararat Rebelion 1927-1930 Victory
94%
Dersim Rebelion 1937-1938 Victory
94%
Invasion on Cyprus 1974 Victory
77%
Bosnian War 1995 Victory
71%
Kosova War 1998-1999 Victory
68%
First Libyan Civil War 2011 Victory
68%
American-led intervention in Iraq 2014-2017 Victory
68%
Operation Euphrates Shield 2016-2017 Victory
65%
Operation Olive Branch 2018 Victory
65%
Operation Peace Spring 2019 Victory
65%
War in Afghanistan 2001-2021 Defeat
61%
Korean War 1950-1953 Stalemate
61%
Kurdish Conflict 1978 Ongoing
58%
Cyprus Crisis 1963-1964 Ceasefire
55%
Iraqi Kurdish Civil War 1997 Ceasefire
48%
Turkish military operation in Idlib Governorate 2017 Ongoing
45%
Turkish military intervention in the Second Libyan Civil War 2020 Ceasefire
42%
No matching quizzes found
Score Distribution
Percent of People with Each Score
Percentile by Number Answered
Your Score History
You have not taken this quiz